A. A. Milne Bibliography - Statistics

General Stats
  • This quiz has been taken 18 times
  • The average score is 3 of 189
Answer Stats
Type Year Name % Correct
Short Story Collection 1926 Winnie-the-Pooh
100%
Poetry Collection 1924 When We Were Very Young
45%
Short Story Collection 1928 The House at Pooh Corner
36%
Poetry Collection 1927 Now We Are Six
27%
Novel 1922 The Red House Mystery
27%
Poem 1924 Disobedience
9%
Poem 1927 Furry Bear
9%
Short Story 1928 In Which A House Is Built at Pooh Corner for Eeyore
9%
Short Story 1928 In Which Piglet Does a Very Grand Thing
9%
Short Story 1928 In Which Pooh Invents a New Game and Eeyore Joins In
9%
Short Story 1928 In Which Tigger Is Unbounced
9%
Novel 1917 Once on a Time
9%
Novel 1931 Two People
9%
Short Story 1914 A Baker's Dozen
0%
Short Story Collection 1925 A Gallery of Children
0%
Play 1924 Ariadne
0%
Short Story Collection 1950 A Table Near the Band
0%
Poem 1924 At Home
0%
Poem 1927 A Thought
0%
Poem 1924 At the Zoo
0%
Short Story 1925 A Voyage to India
0%
Poem 1924 Bad Sir Brian Botany
0%
Short Story 1925 Barbara's Birthday
0%
Poem 1924 Before Tea
0%
Play 1951 Before the Flood
0%
Poetry Collection 1940 Behind the Lines
0%
Play 1918 Belinda
0%
Poem 1927 Binker
0%
Screenplay 1930 Birds of Prey
0%
Screenplay 1920 Bookworms
0%
Poem 1924 Brownie
0%
Poem 1924 Buckingham Palace
0%
Short Story 1914 Burlesques
0%
Poem 1927 Busy
0%
Poem 1927 Buttercup Days
0%
Book Introduction 1929 By Way of Introduction
0%
Short Story 1925 Castles by the Sea
0%
Poem 1927 Cherry Stones
0%
Novel 1946 Chloe Marr
0%
Poem 1927 Come Out with Me
0%
Poem 1924 Corner of the Street
0%
Poem 1927 Cradle Song
0%
Poem 1924 Daffodowndilly
0%
Poem 1927 Down by the Pond
0%
Poem 1927 Explained
0%
Screenplay 1920 Five Pound Reward
0%
Poem 1927 Forgiven
0%
Poem 1927 Forgotten
0%
Poetry Collection 1925 For the Luncheon Interval
0%
Novel 1933 Four Days' Wonder
0%
Play 1938 Gentleman Unknown
0%
Short Story 1914 Getting Married
0%
Play 1923 Give Me Yesterday
0%
Poem 1924 Growing Up
0%
Poem 1924 Halfway Down
0%
Poem 1924 Happiness
0%
Short Story 1914 Home Affairs
0%
Poem 1924 Hoppity
0%
Newspaper Article 1920 If I May
0%
Poem 1924 If I Were King
0%
Poem 1924 Independence
0%
Poem 1927 In the Dark
0%
Poem 1924 In the Fashion
0%
Short Story 1928 In Which A Search is Organized, and Piglet Nearly Meets the Heffalump Again
0%
Short Story 1928 In Which Christopher Robin and Pooh Come to an Enchanted Place, and We Leave Them There
0%
Short Story 1926 In Which Christopher Robin Gives Pooh a Party and We Say Goodbye
0%
Short Story 1926 In Which Christopher Robin Leads an Expotition to the North Pole
0%
Short Story 1928 In Which Eeyore Finds the Wolery and Owl Moves Into It
0%
Short Story 1926 In Which Eeyore has a Birthday and Gets Two Presents
0%
Short Story 1926 In Which Eeyore Loses a Tail and Pooh Finds One
0%
Short Story 1928 In Which It Is Shown That Tiggers Don't Climb Trees
0%
Short Story 1926 In Which Kanga and Baby Roo Come to the Forest and Piglet has a Bath
0%
Short Story 1926 In Which Piglet is Entirely Surrounded by Water
0%
Short Story 1926 In Which Piglet Meets a Heffalump
0%
Short Story 1926 In Which Pooh and Piglet Go Hunting and Nearly Catch a Woozle
0%
Short Story 1926 In Which Pooh Goes Visiting and Gets into a Tight Place
0%
Short Story 1928 In Which Rabbit Has a Busy Day, and We Learn What Christopher Robin Does in the Mornings
0%
Short Story 1928 In Which Tigger Comes to the Forest and Has Breakfast
0%
Short Story 1926 In Which We Are Introduced to Winnie the Pooh and Some Bees and the Stories Begin
0%
Newspaper Article 1943 It Depends on the Book
0%
Autobiography 1939 It's Too Late Now: The Autobiography of a Writer
0%
Poem 1924 Jonathan Jo
0%
Poem 1927 Journey's End
0%
Poem 1927 King Hilary and The Beggarman
0%
Poem 1927 King John's Christmas
0%
Poem 1927 Knight-in-Armour
0%
Poem 1924 Knights and Ladies
0%
Poem 1924 Lines and Squares
0%
Poem 1924 Little Bo Peep and Little Boy Blue
0%
Novel 1905 Lovers in London
0%
Play 1918 Make-Believe
0%
Poem 1924 Market Square
0%
Short Story 1914 Merely Players
0%
Play 1930 Michael and Mary
0%
Play 1936 Miss Elizabeth Bennet
0%
Poem 1924 Missing
0%
Play 1927 Miss Marlow at Play
0%
Short Story 1925 Miss Waterlow in Bed
0%
Novel 1921 Mr. Pim
0%
Play 1919 Mr. Pim Passes By
0%
Newspaper Article 1919 Not That It Matters
0%
Poem 1924 Nursery Chairs
0%
Short Story Collection 1914 Once a Week
0%
Short Story 1914 Other People's Houses
0%
Play 1933 Other People's Lives
0%
Non-Fiction Book 1934 Peace With Honour
0%
Poem 1927 Pinkle Purr
0%
Poem 1924 Politeness
0%
Short Story 1925 Poor Anne
0%
Play 1926 Portrait of a Gentleman in Slippers
0%
Poem 1924 Puppy and I
0%
Poem 1924 Rice Pudding
0%
Book Introduction 1911 Saki
0%
Short Story 1925 Sand Babies
0%
Poem 1924 Sand Between the Toes
0%
Play 1937 Sarah Simple
0%
Poem 1924 Shoes and Stockings
0%
Poem 1927 Sneezles
0%
Poem 1927 Solitude
0%
Short Story 1925 Sparrow Tree Square
0%
Poem 1924 Spring Morning
0%
Play 1926 Success
0%
Poem 1924 Summer Afternoon
0%
Poem 1927 Swing Song
0%
Poem 1924 Teddy Bear
0%
Poem 1924 The Alchemist
0%
Play 1923 The Artist: A Duologue
0%
Short Story 1925 The Baby Show
0%
Short Story Collection 1948 The Birthday Party
0%
Play 1918 The Boy Comes Home
0%
Screenplay 1920 The Bump
0%
Play 1919 The Camberley Triangle
0%
Poem 1927 The Charcoal-Burner
0%
Poem 1924 The Christening
0%
Magazine Article 1910 The Day's Play
0%
Poem 1924 The Dormouse and the Doctor
0%
Play 1921 The Dover Road
0%
Poem 1927 The Emperor's Rhyme
0%
Poem 1927 The End
0%
Poem 1927 The Engineer
0%
Poem 1924 The Four Friends
0%
Play 1929 The Fourth Wall
0%
Poem 1927 The Friend
0%
Play 1939 The General Takes Off His Helmet
0%
Poem 1927 The Good Little Girl
0%
Play 1921 The Great Broxopp
0%
Short Story 1914 The Heir
0%
Magazine Article 1912 The Holiday Round
0%
Poem 1924 The Invaders
0%
Poem 1924 The Island
0%
Play 1929 The Ivory Door
0%
Poem 1924 The King's Breakfast
0%
Poem 1927 The Knight Whose Armour Didn't Squeak
0%
Poem 1927 The Little Black Hen
0%
Play 1922 The Lucky One
0%
Short Story 1925 The Magic Hill
0%
Play 1924 The Man in the Bowler Hat: A Terribly Exciting Affair
0%
Short Story 1914 The Men Who Succeed
0%
Poem 1924 The Mirror
0%
Poem 1927 The Morning Walk
0%
Poem 1948 The Norman Church
0%
Poem 1927 The Old Sailor
0%
Short Story 1925 The Princess and the Apple-Tree
0%
Play 1920 The Red Feathers
0%
Play 1920 The Romantic Age
0%
Play 1920 The Stepmother
0%
Short Story & Essay Collection 1921 The Sunny Side
0%
Short Story 1925 The Three Daughters of M. Dupont
0%
Poem 1924 The Three Foxes
0%
Play 1922 The Truth About Blayds
0%
Short Story 1925 The Twins
0%
Play 1941 The Ugly Duckling
0%
Poem 1924 The Wrong House
0%
Magazine Article Compilation 1929 Those Were the Days
0%
Play 1929 Toad of Toad Hall
0%
Play 1924 To Have the Honour
0%
Poem 1927 Twice Times
0%
Screenplay 1920 Twice Two
0%
Poem 1924 Twinkle Toes
0%
Poem 1927 Us Two
0%
Poem 1924 Vespers
0%
Poem 1927 Waiting at The Window
0%
Non-Fiction Book 1941 War Aims Unlimited
0%
Non-Fiction Book 1940 War With Honour
0%
Poem 1924 Water Lilies
0%
Poem 1927 Wind on the Hill
0%
Short Story 1914 Winter Sport
0%
Play 1917 Wurzel-Flummery
0%
Non-Fiction Book 1952 Year In, Year Out
0%
No matching quizzes found
Score Distribution
Percent of People with Each Score
Percentile by Number Answered
Your Score History
You have not taken this quiz